Reunión /

Tallennettuna:
Bibliografiset tiedot
Päätekijä: Brown, Natasha (autor)
Aineistotyyppi: Kirja
Kieli:espanja
Julkaistu: Barcelona, España : México : Anagrama ; Océano, 2022, c2022
Painos:2a edición
Sarja:(Panorama de Narrativas ; 1074)
Aiheet:
Tagit: Lisää tagi
Ei tageja, Lisää ensimmäinen tagi!

MARC

LEADER 00000nam^a2200000^a^4500
001 000453421
005 20250521000000.0
009 20260310123900.065
020 |a 978-607-557-569-8 
037 |a Acervo ITESO - Biblioteca 
041 |a ESP 
082 |a 823.  |b BRO 
100 |a Brown, Natasha  |e (autor) 
245 1 0 |a Reunión /  |c N. Brown ; tr. por Inga Pellisa. 
250 |a 2a edición 
264 4 |a Barcelona, España :  |b Anagrama ;  |a México :  |b Océano,  |c 2022, c2022 
300 |a 130 p. 
336 |a texto  |b txt  |2 rdacontenido 
337 |a sin mediación  |b n  |2 rdamedio 
338 |a volumen  |b nc  |2 rdasoporte 
440 1 |a (Panorama de Narrativas ;  |v 1074) 
500 |a Traducción de: Assembly 
649 |a XX 
650 |a Novela Inglesa 
650 |a Literatura Inglesa -  |y Siglo XXI 
650 |a Literatura de Mujeres -  |z Inglaterra 
910 |a Fondo General 
920 |a Impresos - Libros 
930 |a Colección General 
940 |a Literatura 
905 |a 101 
901 |a 0500366320  |b IT1  |c LIT  |i C177926  |u 20250521 
902 |a https://opac.biblio.iteso.mx/vufind/Record/000453421